Indian idealism: epistemology & ontology, v2 (Record no. 182031)

MARC details
000 -LEADER
fixed length control field 00359nam a2200145Ia 4500
008 - FIXED-LENGTH DATA ELEMENTS--GENERAL INFORMATION
fixed length control field 230917s9999||||xx |||||||||||||| ||und||
040 ## - CATALOGING SOURCE
-- 49938
Original cataloging agency VIVEKANANDA LIBRARY
041 ## - Language
-- English
082 ## - DDC NUMBER
Classification number 181.4 S79I
100 ## - MAIN ENTRY--PERSONAL NAME
Personal name Sastri, P S
245 #0 - TITLE STATEMENT
Title Indian idealism: epistemology & ontology, v2
260 ## - PUBLICATION, DISTRIBUTION, ETC. (IMPRINT)
Place of publication, distribution, etc Delhi
Name of publisher, distributor, etc Bharatiya
Date of publication, distribution, etc 1976
300 ## - PHYSICAL DESCRIPTION
Pages 576 p.
942 ## - ADDED ENTRY ELEMENTS (KOHA)
Koha item type Books
Holdings
Withdrawn status Lost status Damaged status Not for loan Location (home branch) Sublocation or collection (holding branch) Date acquired Koha issues (times borrowed) Koha full call number Accession No. Koha date last seen Koha item type
        VIVEKANANDA LIBRARY VIVEKANANDA LIBRARY 09/12/2002   181.4 S79I 36723 17/09/2023 Books
        VIVEKANANDA LIBRARY VIVEKANANDA LIBRARY 09/12/2002   181.4 S79I 36724 17/09/2023 Books
        VIVEKANANDA LIBRARY VIVEKANANDA LIBRARY 09/12/2002   181.4 S79I 69082 17/09/2023 Books
© Designed and Maintained by Vivekananda Library, MDU Rohtak